00376pab a2200145 454500008004000000100001600040245002400056260000900080300001300089362001100102650003100113650003000144650002200174773003400196180718b2001 xxu||||| |||| 00| 0 eng d aPatil, R.H. aDebt market reforms c2001 ap.802-05 a10 Mar aBudget - India - 2001-2002 aFinancial markets - India aFinancial markets aEconomic and Political Weekly